[Event "FRA-chT U20 16 GP Basse 1011"]
[Site "France"]
[Date "2011.06.12"]
[Round "10"]
[White "Robic, Damien"]
[Black "Chauvet, Etienne"]
[Result "1-0"]
[WhiteElo "1494"]
[BlackElo "1502"]
[PlyCount "55"]
[EventDate "2010.06.20"]
[EventType "team-tourn"]
[EventRounds "11"]
[EventCountry "FRA"]
[SourceTitle "EXT 2015"]
[Source "ChessBase"]
[SourceDate "2014.11.20"]
[SourceVersion "1"]
[SourceVersionDate "2014.11.20"]
[SourceQuality "1"]
[WhiteTeam "Hyeres (U20)"]
[BlackTeam "Niort (U20)"]
[WhiteTeamCountry "FRA"]
[BlackTeamCountry "FRA"]

1. e4 Nf6 2. Nc3 e5 3. Nf3 Nc6 4. Bb5 d6 5. d3 Bg4 6. Be3 Be7 7. h3 Bh5 8. g4 Bg6 9. Qd2 Qd7 10. Nd5 h5 11. g5 Ng8 12. 0-0-0 a6 13. Ba4 b5 14. Bb3 a5 15. a4 bxa4 16. Bxa4 Bd8 17. Qc3 Nge7 18. Nxe7 Qxe7 19. Bxc6+ Kf8 20. Bxa8 a4 21. Bc6 Bh7 22. Bxa4 g6 23. Nh4 Kg7 24. f4 Rf8 25. fxe5 dxe5 26. Bf4 Bg8 27. Qxe5+ Qxe5 28. Bxe5+ 1-0

[Event "FRA-chT U20 0809"]
[Site "Sautron"]
[Date "2009.01.02"]
[Round "4.5"]
[White "Dumas, Charles"]
[Black "Robic, Damien"]
[Result "1-0"]
[WhiteElo "1640"]
[BlackElo "1560"]
[PlyCount "42"]
[EventDate "2008.10.??"]
[EventType "team-tourn"]
[EventRounds "11"]
[EventCountry "FRA"]
[SourceTitle "EXT 2010"]
[Source "ChessBase"]
[SourceDate "2010.11.25"]
[SourceVersion "1"]
[SourceVersionDate "2010.11.25"]
[SourceQuality "1"]

1. e4 e5 2. Nf3 Nc6 3. Bc4 Nf6 4. d3 Bc5 5. c3 a6 6. Nbd2 0-0 7. Nf1 d6 8. Ng3 Be6 9. Bb3 Qd7 10. 0-0 Rad8 11. d4 exd4 12. cxd4 Bxb3 13. axb3 Bb6 14. Bg5 Qe7 15. Re1 Rfe8 16. Nf5 Qd7 17. Bxf6 gxf6 18. Ne5 Nxe5 19. d5 Kh8 20. Qg4 Rg8 21. Qh4 Qe6 1-0

[Event "FRA-chT U20"]
[Site "Pau"]
[Date "2005.12.19"]
[Round "6"]
[White "Robic, Damien"]
[Black "Pruvot, Louis"]
[Result "0-1"]
[WhiteElo "1490"]
[BlackElo "1200"]
[PlyCount "81"]
[EventDate "2005.12.??"]
[EventType "team"]
[EventRounds "11"]
[EventCountry "FRA"]
[SourceTitle "EXT 2007"]
[Source "ChessBase"]
[SourceDate "2006.11.23"]
[SourceVersion "1"]
[SourceVersionDate "2006.11.23"]
[SourceQuality "1"]
[WhiteTeam "Creteil"]
[BlackTeam "Hyeres"]
[WhiteTeamCountry "FRA"]
[BlackTeamCountry "FRA"]

1. e4 e5 2. Nf3 Nc6 3. Nc3 Nf6 4. Be2 Bb4 5. a3 Ba5 6. b4 Bb6 7. 0-0 d6 8. d3 Be6 9. b5 Nd4 10. Nxd4 Bxd4 11. Bd2 Qd7 12. a4 0-0 13. Ra3 Rfe8 14. Bg5 Qe7 15. Nd5 Bxd5 16. exd5 a6 17. bxa6 Rxa6 18. Rb3 b6 19. c3 Bc5 20. d4 exd4 21. cxd4 Qxe2 22. Qxe2 Rxe2 23. dxc5 dxc5 24. Bxf6 gxf6 25. Ra3 Rd2 26. h3 Rxd5 27. Rfa1 Rd8 28. a5 Rda8 29. Kf1 Rxa5 30. Rxa5 Rxa5 31. Rd1 Kf8 32. Ke2 Ke7 33. Re1 c4 34. Kd2+ Re5 35. Rxe5+ fxe5 36. Kc3 b5 37. Kb4 Ke6 38. Kc3 c5 39. g4 e4 40. h4 Ke5 41. g5 0-1